Statistics for NCT DREAM all songs(Mar 2023 update)

Click here to take the quiz!

General Stats

  • This quiz has been taken 328 times
    (85 since last reset)
  • The average score is 53 of 82

Answer Stats

HintAnswer% Correct
Chewing GumChewing Gum
98%
We BoomBOOM
96%
DREAM( )SCAPESmoothie
94%
Glitch ModeGlitch Mode
91%
Hot SauceHot Sauce
91%
THE FIRSTMy First and Last
91%
RELOADRidin'
91%
ISTJISTJ
89%
Hello FutureHello Future
87%
CandyCandy
85%
UniverseDreaming
83%
BeatboxBeatbox
81%
NCT 2018 EMPATHYGO
81%
We Go UpWe Go Up
79%
We BoomBest Friend
77%
We YoungWe Young
77%
Glitch ModeTeddy Bear
74%
DREAM( )SCAPEBOX
72%
DREAM( )SCAPECarat Cake
72%
Hot SauceDiggity
72%
Hello FutureBungee
70%
FIFA U-20 Korea 2017
X NCT DREAM
Trigger The
Fever
70%
ISTJYogurt Shake
70%
We Boom119
68%
Best Friend EverBest Friend Ever
68%
NCT RESONANCE
Pt. 1
Déjà Vu
68%
SM STATION 3
(ft. HRVY)
Don’t Need
Your Love
68%
ISTJPoison
68%
ISTJSOS
68%
We Go Up1, 2, 3
66%
RELOAD7 Days
66%
Hello FutureLife is Still
Going On
66%
Glitch ModeArcade
64%
ISTJBroken Melodies
64%
THE FIRSTDunk Shot
64%
The Offical Song
Of The World Scout
Foundation
Fireflies
64%
CandyGraduation
64%
ISTJPretzel (♡)
64%
DREAM( )SCAPEUNKNOWN
64%
Hot SauceANL
62%
Glitch ModeBetter Than Gold
62%
Glitch ModeFire Alarm
62%
RELOADPuzzle Piece
62%
Glitch ModeSaturday Drip
62%
ISTJSkateboard
62%
CandyTangerine Love
(Favorite)
62%
ISTJBlue Wave
60%
ISTJLike We Just Met
60%
DREAM( )SCAPEBreathing
57%
Hot SauceCountdown
(3, 2, 1)
57%
Hot SauceDive Into You
57%
RELOADLove Again
57%
Hot SauceRainbow
57%
Hot SauceRocket
57%
We YoungWalk you home
57%
We Go UpDrippin'
55%
Glitch ModeDrive
55%
DREAM( )SCAPEicantfeelanything
55%
Hot SauceMy Youth
55%
Glitch ModeNever Goodbye
55%
Glitch ModeRewind
55%
ISTJStarry Night
55%
We BoomSTRONGER
55%
BeatboxTo My First
55%
CandyWalk With You
55%
We BoomBye My First...
53%
SM STATION 2JOY
53%
CandyMoon
53%
We YoungLa La Love
51%
Glitch ModeReplay
51%
Hot SauceIrreplaceable
49%
RELOADQuiet Down
49%
CandyTake My Breath
49%
Hot SauceBe There For
You
47%
SM STATION 3Candle Light
47%
We Go UpDear DREAM
47%
BeatboxSorry, Heart
47%
We BoomDream Run
45%
Glitch ModeIt’s Yours
45%
We Go UpBeautiful Time
43%
We YoungMy Page
43%
BeatboxOn the way)
43%

Score Distribution

Percentile by Number Answered

Percent of People with Each Score

Your Score History

You have not taken this quiz since the last reset